top 10 zawodników NBA 2023 - Statystyki

Ogólne statystyki
  • Ten quiz został rozwiązany 294 razy
  • Średni wynik to 9 z 10
Statystyki odpowiedzi
zespół zawodnik % Poprawnych
LAL LeBron James
96%
DEN Nikola Jokic
96%
GSW Stephen Curry
95%
DAL Luka Doncic
92%
BOS Jayson Tatum
91%
PHO Kevin Durant
87%
MIL Giannis Antetokounmpo
86%
PHI Joel Embiid
84%
POR Damian Lillard
76%
OKC Shai Gilgeous-Alexander
76%
Nie znaleziono quizów pasujących do podanych kryteriów
Rozkład punktacji
Procent ludzi z każdym wynikiem
Percentyl według liczby udzielonych odpowiedzi
Twoja historia wyników
Nie rozwiązałeś tego quizu